| 000 | 00393nam a22001577a 4500 | ||
|---|---|---|---|
| 003 | SGT | ||
| 020 | _a9788123924090 | ||
| 082 |
_a617.5 _bM10S |
||
| 100 | _aSHENOY K. R | ||
| 245 | _aMANIPAL MANUAL OF SURGERY WITH CLINICAL METHODS FOR DENTAL STUDENTS | ||
| 250 | _a3RD | ||
| 260 |
_aNEW DELHI _bCBS PUBLISHER _c2010 |
||
| 300 | _a1-424 | ||
| 650 | _aGENERAL SURGERY | ||
| 942 |
_2ddc _cBK _014 |
||
| 999 |
_c20923 _d20923 |
||